000 00472cam a2200181ua 4500
020 _a81-203-1180-9
_c125.00
041 _aeng
_h
082 _a651.7
_bSAD/MA
100 _aSadagopan, S .
245 _aManagement information systems /
_cS Sadagopan.
_hTextual Documents
250 _a2 /
_b.
260 _aNew Delhi :
_bPrentice Hall of India Pvt Ltd. ,
_c1998.
300 _a217 ; .
365 _a125.00
504 _a
942 _cBK
999 _c7209
_d7209